Rats & Roaches: USA's Most Pest Infested Cities - Statistics

General Stats
  • This quiz has been taken 107 times
  • The average score is 11 of 15
Answer Stats
Hint Answer % Correct
8 New York
97%
9 Miami
91%
12 Dallas
87%
4 Houston
85%
11 Atlanta
80%
1 New Orleans
79%
10 Orlando
77%
14 Philadelphia
74%
7 Austin
69%
6 San Antonio
64%
3 Tampa
61%
13 Las Vegas
52%
5 Memphis
48%
2 Birmingham
47%
15 Charlotte
45%
No matching quizzes found
Score Distribution
Percent of People with Each Score
Percentile by Number Answered
Your Score History
You have not taken this quiz